Unravelling the Kashmir knot (Record no. 488555)

MARC details
000 -LEADER
fixed length control field 00498nam a2200193Ia 4500
008 - FIXED-LENGTH DATA ELEMENTS--GENERAL INFORMATION
fixed length control field 210417s9999 xx 000 0 und d
020 ## - INTERNATIONAL STANDARD BOOK NUMBER
International Standard Book Number 9789351509714
-- 9351509710
082 ## - DEWEY DECIMAL CLASSIFICATION NUMBER
Classification number 954.604 AMA
Item number 22.954.604 AMA
245 #0 - TITLE STATEMENT
Title Unravelling the Kashmir knot
Statement of responsibility, etc. Unravelling the Kashmir knot
250 ## - EDITION STATEMENT
Remainder of edition statement "xxiii, 386 p. ; 23 cm., hbk."
260 ## - PUBLICATION, DISTRIBUTION, ETC.
Place of publication, distribution, etc. London
Name of publisher, distributor, etc. Sage
Date of publication, distribution, etc. 2016
700 ## - ADDED ENTRY--PERSONAL NAME
Personal name Aman M Hingorani
Numeration by Aman M Hingorani.
Holdings
Withdrawn status Lost status Damaged status Not for loan Home library Current library Shelving location Date acquired Total Checkouts Barcode Date last seen Price effective from Koha item type
        Anna Centenary Library Anna Centenary Library 7TH FLOOR, B WING 17.04.2021   608876 17.04.2021 17.04.2021 Books

Find us on the map